|
|
|
|
| LEADER |
00743nab a2200229 i 4500 |
| 001 |
publ22764 |
| 005 |
20211029083800.0 |
| 008 |
211029s1987 hu o 0|| Német d |
| 022 |
|
|
|a 0930-4282
|
| 024 |
7 |
|
|a 32467893
|2 mtmt
|
| 040 |
|
|
|a SZTE Publicatio Repozitórium
|b hun
|
| 041 |
|
|
|a Német
|
| 100 |
1 |
|
|a Hammer Helga
|
| 245 |
1 |
0 |
|a Veränderte immunologische Reaktionen bei Retinopathia pigmentosa
|h [elektronikus dokumentum] /
|c Hammer Helga
|
| 260 |
|
|
|c 1987
|
| 300 |
|
|
|a 337-339
|
| 490 |
0 |
|
|a SPEKTRUM DER AUGENHEILKUNDE
|v 1 No. 6
|
| 650 |
|
4 |
|a Klinikai orvostan
|
| 700 |
0 |
1 |
|a Joó Imre
|e aut
|
| 700 |
0 |
1 |
|a Mohay Judit
|e aut
|
| 700 |
0 |
1 |
|a Ratkay Imola
|e aut
|
| 856 |
4 |
0 |
|u http://publicatio.bibl.u-szeged.hu/22764/1/Spektrum.pdf
|z Dokumentum-elérés
|